Guess the Logo - Statistics

General Stats
  • This quiz has been taken 76 times
  • The average score is 12 of 12
Answer Stats
Picture Answer % Correct
Apple
100%
Facebook
100%
Starbucks
100%
Twitter
100%
Instagram
99%
Netflix
99%
McDonalds/Maccas
97%
Snapchat
97%
TikTok
96%
Youtube
96%
Harley Davidson
90%
Google Crome
81%
No matching quizzes found
Score Distribution
Percent of People with Each Score
Percentile by Number Answered
Your Score History
You have not taken this quiz